000 00548nmm a2200181Ia 4500
008 251105s9999||||xx |||||||||||||||||und||
020 _a9789587413304
041 _aspa
100 _aMartínez Martelo, Dorian
245 0 _aPYME rutas para la exportación
264 _a[Bogotá, Colombia] :
_bUniversidad del Norte,
_c2013
300 _a120 páginas
650 _aEconomics and Business
700 _aMartínez Martelo, Dorian
700 1 _a Lombana Coy, Jahir
856 _uhttps://public.digitaliapublishing.com/a/21212
942 _cCF
999 _c68481
_d68481